| 000 | 00927nam a22001817a 4500 | ||
|---|---|---|---|
| 999 |
_c63635 _d63635 |
||
| 003 | Ge_BSU | ||
| 005 | 20251119203014.0 | ||
| 008 | 251119s1961 ge ||||| |||| 00| 0 geo d | ||
| 041 | _ageo | ||
| 080 | _a338.26 : 658.51 ტ-55 | ||
| 100 |
_aტიაპკინი, ნ. _926279 |
||
| 245 |
_aგეგმა სოციალისტური საწარმოს ცხოვრების კანონია / _c ნ. ტიაპკინი; ლ.ა. ლეონტიევის საერთო რედაქციით. |
||
| 264 |
_aთბ. : _bსაბჭ. საქართველო, _c1961. |
||
| 300 |
_a35 გვ. ; _b19 სმ. |
||
| 490 | _aეკონომიკური ცოდნის საფუძვლები - ყოველ მუშას | ||
| 653 | _aსახალხო მეურნეობის დაგეგმვა. | ||
| 942 |
_2udc _cᲬᲘᲒᲜᲘ |
||